000
00187 a2200097 4500
001
3346
100
_a
Johnson, J
245
_a
Wing leader
260
_a
_b
Chatto
_c
090
_c
2624
_d
2624
942
_a
NUST-CAE
_c
M
_c
18047
999
_c
238419
_d
238419